Maggior numero di Vittorie al Gran Premio del Canada - Statistics

Statistiche generali
  • Questo quiz è stato fatto 4 volte
  • Il punteggio medio è 7 su 9
Statistiche sulle risposte
Numero vittorie Stagioni delle vittorie Pilota % Corretto
2 1988, 1990 Ayrton Senna
100%
2 2022, 2023 iMax Verstappen
100%
7 2007, 2010, 2012, 2015, 2016, 2017, 2019 Lewis Hamilton
100%
7 1994, 1997, 1998, 2000, 2002, 2003, 2004 Michael Schumacher
100%
2 2013, 2018 Sebastian Vettel
100%
2 1971, 1972 Jackie Stewart
75%
3 1982, 1984, 1991 Nelson Piquet
75%
2 1979, 1980 Alan Jones
0%
2 1969, 1970 Jacky Ickx
0%
Nessun quiz corrispondente trovato
Distribuzione punteggi
Percentuale di utenti per punteggio
Percentile per numero di risposta
I tuoi punteggi nel tempo
Non hai fatto questo quiz